000 00428nam a2200205Ia 4500
001 002399
003 YMCAF
005 20230512160140.0
008 100717s1961 ||||||||||||||||| ||und|d
024 _a2399
035 _a2379
040 _aYMCAF
_beng
_cIN-KoLT
041 _aeng
082 _aTEL-MAR6
100 _aMARKUS JOHN
245 0 _aTELVISION AND RADIO REP
260 _c1961
300 _a567
942 _2ddc
_cBK
999 _c1943
_d1943